Tâm lý học nghệ thuật
Xem xét lại môn tâm lý học nghệ thuật truyền thống. Nêu lên một lĩnh vực nghiên cứu mới cho tâm lý học khách quan: Đặt vấn đề, nêu ra phương pháp và nguyên tắc lý giải tâm lý cơ bản
Đã lưu trong:
| Tác giả chính: | |
|---|---|
| Tác giả khác: | |
| Định dạng: | Sách |
| Ngôn ngữ: | Vietnamese |
| Được phát hành: |
H.
Khoa học xã hội
1995
|
| Những chủ đề: | |
| Các nhãn: |
Thêm thẻ
Không có thẻ, Là người đầu tiên thẻ bản ghi này!
|
| Thư viện lưu trữ: | Mạng thư viện Đại học Đà Nẵng |
|---|
| LEADER | 01273nam a2200337 4500 | ||
|---|---|---|---|
| 001 | 000013699 | ||
| 003 | 10043 | ||
| 005 | 20120321090359.0 | ||
| 008 | 120321s1995 viesd | ||
| 020 | |c 0 | ||
| 041 | 0 | |a vie | |
| 082 | |a 155.9 |b VƯG | ||
| 100 | 0 | |a Vưgôtxki, L. X. | |
| 245 | 0 | |a Tâm lý học nghệ thuật |c L. X. Vưgôtxki ; Người dịch: Hoài lan | |
| 260 | |a H. |b Khoa học xã hội |c 1995 | ||
| 300 | |a 350 tr |c 19 cm | ||
| 520 | |a Xem xét lại môn tâm lý học nghệ thuật truyền thống. Nêu lên một lĩnh vực nghiên cứu mới cho tâm lý học khách quan: Đặt vấn đề, nêu ra phương pháp và nguyên tắc lý giải tâm lý cơ bản | ||
| 653 | |a Tâm lý học | ||
| 653 | |a nghệ thuật | ||
| 653 | |a Liên Xô | ||
| 700 | |a Hoài lan |e dịch | ||
| OWN | |a LSP | ||
| AVA | |a UDN50 |b LSP |d 155.9 VƯG |e available |t Error 5001 Not defined in file expand_doc_bib_avail. |f 1 |g 0 |h N |i 0 |k 1 | ||
| 999 | |a From the UDN01 | ||
| AVA | |a UDN50 |b LSP |d 155.9 VƯG |e available |t Error 5001 Not defined in file expand_doc_bib_avail. |f 1 |g 0 |h N |i 0 |k 1 | ||
| TYP | |a Monograph | ||
| TYP | |a Printed language | ||
| 980 | |a Mạng thư viện Đại học Đà Nẵng | ||